Eco-hydrology (Record no. 40685)

MARC details
000 -LEADER
fixed length control field 00755nam a2200217 a 4500
008 - FIXED-LENGTH DATA ELEMENTS--GENERAL INFORMATION
fixed length control field 120416s1999 ||||||||||||||||| || u
020 ## - INTERNATIONAL STANDARD BOOK NUMBER
International Standard Book Number 0415162734
050 ## - LIBRARY OF CONGRESS CALL NUMBER
Classification number GB 661.2 Eco
100 ## - MAIN ENTRY--PERSONAL NAME
Personal name Wilby, Robert L
245 10 - TITLE STATEMENT
Title Eco-hydrology
Statement of responsibility, etc. edited by Andrew J. Baird
246 ## - VARYING FORM OF TITLE
Title proper/short title plants and water in terrestrial and aquatic environments
260 ## - PUBLICATION, DISTRIBUTION, ETC.
Place of publication, distribution, etc. London
Name of publisher, distributor, etc. Routledge
Date of publication, distribution, etc. 1999
300 ## - PHYSICAL DESCRIPTION
Extent xviii, 402p. : ill.
350 ## - PRICE (NR) (BK AM CF MU VM SE) [OBSOLETE]
Price 0.00
500 ## - GENERAL NOTE
General note Bibliography.
650 ## - SUBJECT ADDED ENTRY--TOPICAL TERM
Topical term or geographic name entry element ECOLOGY
650 ## - SUBJECT ADDED ENTRY--TOPICAL TERM
Topical term or geographic name entry element PLANT--WATER RELATIONSHIPS
650 ## - SUBJECT ADDED ENTRY--TOPICAL TERM
Topical term or geographic name entry element HYDROLOGY
700 ## - ADDED ENTRY--PERSONAL NAME
Personal name Baird, Andrew J
995 ## - RECOMMENDATION 995 [LOCAL, UNIMARC FRANCE]
-- 0.00
-- CBU-MAIN LIBRARY (Kitwe)
-- 1
-- 24.95
-- 1
-- AVAILABLE
-- Feb 21, 2007
-- Main Library Open Access Collection
Holdings
Withdrawn status Lost status Source of classification or shelving scheme Damaged status Not for loan Home library Current library Shelving location Date acquired Total Checkouts Full call number Barcode Date last seen Price effective from Koha item type
          CBU-MAIN LIBRARY, KITWE. CBU-MAIN LIBRARY, KITWE.   11/30/2022   GB 661.2 Eco 38653 11/30/2022 11/30/2022 MONOGRAPH